000 003110000a22001090004500
090 _aAS
_bSeriadas
245 1 0 _aSauraula oroquensis, a new species of Actinidiaceae from Colombia
041 0 _aEspaƱol
100 1 _aDjendoel Soejarto, Djaja
_9100196
942 _cARTICULO
773 1 _tBrittonia
_h1
_q28-31
_d1989
_g41
999 _c15955
_d15955